[Event "Olympiad-42"]
[Site "Baku"]
[Date "2016.09.05"]
[Round "4.1"]
[White "Wang, Yue"]
[Black "Dvirnyy, Danyyil"]
[Result "1-0"]
[WhiteElo "2737"]
[BlackElo "2543"]
[Annotator "Moradiabadi,E"]
[PlyCount "71"]
[EventDate "2016.09.02"]
[EventType "team-swiss"]
[EventRounds "11"]
[EventCountry "AZE"]
[SourceTitle "CBM 175"]
[Source "ChessBase"]
[SourceDate "2016.11.10"]
[SourceVersion "1"]
[SourceVersionDate "2016.11.10"]
[SourceQuality "1"]
[WhiteTeam "China"]
[BlackTeam "Italy"]
[WhiteTeamCountry "CHN"]
[BlackTeamCountry "ITA"]

1. Nf3 {The Chinese team has been like a machine in this event. In round four
they dismantled the young and talented Italian team 3-1.} d5 2. d4 Nf6 {} 3.
c4 c6 4. e3 {} Bg4 5. h3 Bh5 (5... Bxf3 6. Qxf3 e6 {used to be considered the
safest continuation but recent results in 2015 and 2016 favors white. That may
have been the reason behind the Italian GM's opening choice or he may have
considered other matters which are unknown to your commentator!} 7. Bd3 Nbd7 8.
Nc3 Bb4 (8... Bd6 9. cxd5 {Otherwise Black would easily equalise by taking on
c4 and playing e5.} (9. O-O O-O 10. Rd1 Qe7 11. e4 dxc4 12. Bxc4 e5 13. d5 Nb6
14. Bb3 cxd5 15. Nxd5 Nfxd5 {1/2-1/2 (15) Bareev,E (2675)-Gelfand,B (2717)
Khanty-Mansiysk 2005}) 9... exd5 10. g4 {[%cal Gg4g5,Gh3h5,Ge1b1]} Nf8 {
[%cal Gf6d7,Gf8e6,Gd8e7,Ge8c8]} (10... h6 11. h4 Qe7 12. g5 hxg5 13. hxg5 {
is too risky for Black.}) 11. h4 Ne6 12. g5 Nd7 13. Bd2 Qe7 14. O-O-O O-O-O 15.
Qg4 g6 {[%cal Gh7h6,Gf7f6]} 16. f4 f5 17. Qf3 Kb8 (17... h5 $11) 18. h5 Nb6 19.
Kb1 a6 20. Bc1 Rc8 21. hxg6 (21. Rh3 $1 $14 {[%cal Gd1h1]}) 21... hxg6 22. Rxh8
Rxh8 23. Rh1 Qe8 24. Rh3 Ka7 25. a3 Rg8 26. Qh1 Bf8 27. Rh8 Bg7 28. Rxg8 Qxg8
29. Bf1 Nc8 30. Bd3 Nd6 31. Bf1 Bf8 32. Be2 Be7 33. Bd3 Nf8 34. Qh2 Nd7 35. Ne2
c5 36. dxc5 Nxc5 37. Bc2 Nce4 38. Ng3 Nxg3 39. Qxg3 Qe6 40. Qe1 Nc4 41. Qc3 Bc5
42. Bd3 Bb6 43. Qf6 Qe8 44. Bxc4 dxc4 45. Bd2 Bxe3 46. Bxe3+ Qxe3 47. Qxg6 Qe4+
48. Ka1 Qh1+ 49. Ka2 Qd5 50. Ka1 Qd1+ 51. Ka2 Qb3+ 52. Ka1 c3 53. bxc3 Qxa3+
54. Kb1 Qb3+ 55. Kc1 Qxc3+ 56. Kd1 Qf3+ 57. Kc2 Qxf4 58. Qf6 Qe4+ 59. Kd2 f4
60. g6 Qe3+ 61. Kc2 Qe2+ 62. Kc3 Qe1+ 63. Kc2 Qf2+ 64. Kd3 Qe3+ 65. Kc2 f3 66.
g7 Qg1 67. Qf8 Qg2+ 68. Kd3 f2 69. Qc5+ Kb8 70. Qe5+ Kc8 71. Qe6+ Kc7 72. Qe7+
Kc6 73. Qe6+ Kc5 74. Qe5+ Kb4 75. Qd4+ Kb5 76. Qe5+ Kc6 77. Qe6+ {1/2-1/2 (77)
Lupulescu,C (2618)-Carlsen,M (2857) Baku 2016}) 9. Bd2 O-O 10. a3 Bxc3 11. Bxc3
Re8 12. cxd5 exd5 13. O-O Ne4 14. Rfc1 Re6 15. Be1 a6 16. b4 b5 17. Qe2 Rc8 18.
a4 Nb6 19. axb5 axb5 20. Ra6 Nc4 21. Rca1 g6 22. Qg4 h5 23. Qf3 Qg5 24. Ra7 Rf6
25. Qe2 Kg7 26. f4 Qf5 27. Bh4 Rd6 28. g4 hxg4 29. hxg4 Qe6 30. Re7 Nc3 31. Qf3
Nd2 32. Qg2 Rh8 33. Rxe6 Rxe6 34. f5 {1-0 (34) Radjabov,T (2738)-Navara,D 
(2734) Berlin 2015}) 6. g4 Bg6 7. Ne5 e6 8. Nxg6 hxg6 9. Bg2 {Wang Yue is a
very classical player. I have always liked his positional understanding... in
this field he is one of the best player of my generation. The way he handles
Dvirnyy's opening choice is no exception to his style: I get two bishops and I
start grinding!} Nbd7 10. Qd3 {Not the most common continuation.} (10. Nd2 g5
11. O-O Be7 12. Qc2 Nf8 13. Nf3 Ne4 14. Ne5 (14. b3 Qc7 (14... Ng6 15. Ne5 $1
$14) 15. Bb2 f6 16. Rfd1 Bd6 17. Nd2 Nxd2 18. Rxd2 O-O-O $13) 14... f6 15. Nd3
Ng6 16. f3 Ng3 17. Re1 f5 18. cxd5 exd5 19. Qf2 Bd6 20. e4 dxe4 21. fxe4 f4 22.
d5 Bc7 23. Qc2 O-O 24. Nc5 Bb6 25. Kh2 f3 26. e5 Nh4 27. Kxg3 fxg2 28. d6 Rf3+
29. Kh2 Rf1 30. Qc4+ Kh8 31. Be3 Qf8 32. Rxf1 gxf1=Q 33. Rxf1 Qe8 34. e6 Qg6
35. d7 Bc7+ 36. Kg1 Bd6 37. Qd4 Be7 38. Rf7 Qb1+ 39. Kf2 Qc2+ 40. Kf1 Qb1+ 41.
Ke2 Qc2+ 42. Qd2 Qc4+ 43. Qd3 Qxa2 44. Rxe7 Qxb2+ 45. Bd2 Qe5+ 46. Ne4 Rf8 47.
Re8 Qh2+ 48. Kd1 {1-0 (48) Nakamura,H (2787) -Giri,A (2782) Leuven 2016}) (10.
Nc3 dxc4 11. O-O Be7 12. e4 e5 {0-1 (60) Westerberg,J (2488)-Lintchevski,D 
(2561) Stockholm 2016. This is risky for White to say the least.}) 10... g5 11.
Nc3 Bb4 12. Bd2 Qe7 13. a3 Bxc3 14. Bxc3 Nf8 15. cxd5 exd5 {The position is
closed and White needs to do something before his pair of bishop becomes
useless.} 16. Qf5 Ne4 $6 {This move is not a blunder or even a positional
mistake but this changes the game from a tough complicated battle into a
technical calm position which is Wang Yue's area of expertise. In that sense,
the Italian GM puts himself into an unfavourable situation by entering into
his opponent's area of expertise.} 17. Bxe4 Qxe4 18. Qxe4+ dxe4 {} 19. d5 {}
cxd5 {} 20. Rd1 {} O-O-O $2 {But this almost throws away the game.} (20...
Ne6 21. Rxd5 f6 {looks very drawish to me.}) 21. Bxg7 Rg8 22. Bf6 Rd7 {} 23.
f4 $1 {This is exactly what I was talking about, Wang Yue's great
understanding of technical positions.} exf3 (23... gxf4 24. exf4 Ne6 25. Kf2 b6
(25... Nxf4 26. Rc1+ {loses the knight!}) 26. Ke3 {with a close to decisive
advantage.}) 24. Rf1 ({I prefer} 24. O-O Nh7 25. Bd4 b6 26. Rxf3) 24... Ne6 25.
Rxf3 Kc7 26. Rf5 {} Kc6 27. Rc1+ Kb6 28. Ke2 {} Rg6 29. Rcf1 Rh6 30. R1f3 Kc6
$2 {Played so fast and lost a pawn on the spot! I cannot say more but that
blundering a pawn was a contagious epidemic in the fourth round of the Baku
Olympiad!} (30... Rg6 31. Be5 Nd8 {is very bad but the game is not over!}) 31.
Bxg5 Nxg5 32. Rxg5 d4 33. e4 d3+ {} 34. Kd2 {} Re6 {} 35. e5 {} Rd5 {} 36.
Rxf7 {An easy victory for Wang Yue. Dvirnyy had the draw in his pocket but he
made way too many mistakes!} 1-0

[Event "World Women-ch k.o."]
[Site "Teheran"]
[Date "2017.03.03"]
[Round "6.6"]
[White "Tan, Zhongyi"]
[Black "Muzychuk, Anna"]
[Result "1-0"]
[WhiteElo "2502"]
[BlackElo "2558"]
[Annotator "Moradiabadi,E"]
[PlyCount "83"]
[EventDate "2017.02.11"]
[EventType "k.o."]
[EventRounds "7"]
[EventCountry "IRI"]
[SourceTitle "CBM 177"]
[Source "ChessBase"]
[SourceDate "2017.03.16"]
[SourceVersion "1"]
[SourceVersionDate "2017.03.16"]
[SourceQuality "1"]

1. d4 {The beginning of the most important game in Anna Muzychuk's and Tan
Zhongyi's career. The winner of this game will be named 'Women's World
Champion'!} d5 2. c4 c6 3. Nf3 Nf6 {Anna Muzychuk remains faithful to her
choice of the Slav.} 4. g3 $5 {Followed by Qb3 this could transpose to a game
similar to the final round of classical games. However, it is obvious that
Tan Zhongyi is up for anything but a fast draw in this game! After the last
round's somewhat lucky save, she wants to make the most out of her white
pieces.} Bf5 5. Nc3 e6 {A safe choice by Muzychuk. Obviosuly, she does not
want to take so much risk.} 6. Nh4 dxc4 {Muzychuk chooses a very solid
structure. The other bishop moves are solid too but they could lead to 'easy
to play' positions for White.} 7. Nxf5 exf5 8. e3 Nbd7 9. Bxc4 Nb6 10. Be2 $6 {
Not a very strong novelty in my opinion and in fact it really does not impress
me at all. However, at least it gets Muzychuk out of her auto-pilot mode. Now,
She has to deal with this equal, and comfortable position over the board by
herself.} (10. Bb3 h5 11. Qd3 Qd7 12. Bd2 h4 13. O-O-O O-O-O 14. f3 Bd6 15.
Rhg1 hxg3 16. hxg3 Bc7 17. Kb1 Kb8 18. Bc1 Rhe8 19. e4 fxe4 20. fxe4 Qg4 21.
Bf4 Re7 22. Rgf1 Qg6 23. Bc2 Red7 24. Qe3 Qg4 25. a4 Bxf4 26. gxf4 Nc4 27. Qf2
Qe6 28. Qg1 Qe7 29. Bb3 Na5 30. Bc2 Nc4 31. Bb3 {1/2-1/2 (31) Mamedyarov,S 
(2764)-Tomashevsky,E (2701) Baku 2014}) 10... Bd6 11. Bf3 O-O 12. O-O Re8 13.
Qc2 Qd7 14. b3 Re7 15. Na4 $5 {This is an interesting exchange offer. Most
players would not opt for ...Nxa4.} Rae8 16. Nc5 Qc8 17. Bd2 Nbd5 (17... h5 {
is an interesting move and practically worth trying.}) 18. Rac1 Ne4 $6 {
Anna plays it too safe.} (18... h5 $5 19. b4 a6 (19... Bxc5 20. Qxc5 a6) 20. a4
{looks a bit double-edged.}) (18... Bxc5 $5 19. Qxc5 (19. dxc5 Ne4) 19... Ne4
20. Bxe4 fxe4 21. Qxa7 Qh3 {with more than enough compensation for the
sacrificed material.}) 19. Bg2 g6 (19... Bxc5 20. dxc5 Qe6 {with the idea of
h5-h4 would have given Black excellent chances in a rapid game.}) 20. b4 Qc7 $2
{A serious waste of time. A mistake that Caissa does not forgive!} (20... Bxc5
21. bxc5 h5 22. Rb1 h4 23. Rb3 hxg3 24. hxg3 Kg7 25. Rfb1 g5 $132 {Black is
very much alive and in the game.}) 21. Nxe4 fxe4 22. b5 Ba3 23. Rb1 cxb5 24.
Qb3 Qd6 25. Qxb5 Rc8 26. Qb3 Kg7 $2 {After managing to equalise matters, Anna
lost objectivity once again; it was essential to prepare for White's central
response.} (26... Rc6 27. f3 Rb6 {would have maintained the balance.}) 27. Bc1
$2 {Tan Zhongyi returns the favour.} ({Komodo believes that after} 27. f3 exf3
28. Rxf3 {e4-e5 is unstoppable and White has a nearly winning position.}) 27...
Bxc1 28. Rbxc1 Rc6 $6 29. Rxc6 Qxc6 30. Qa3 Qb6 31. Rc1 Qb4 $6 {a pawn sac?}
32. Qxa7 Nc3 $6 {Anna is losing objectivity and control over the game.} 33. Rf1
$6 {Tan Zhongyi does not try much either.} Qc4 $2 (33... b5 {would have
retained the balance.}) 34. Qa3 $1 Re6 35. Re1 Ra6 36. Qe7 Rxa2 (36... b5 {
seems to keep the dynamic balance, but with a little time left on the clock,
the remaining moves are just tragic, unfortunately, this time for Anna
Muzychuk.}) 37. Bxe4 b5 38. Bf3 b4 $2 {Allows a very dangerous check.} (38...
Qe6 $1 39. Qb4 Qf6 40. Qxc3 Qxf3 41. Rf1 Qd5 {with decent drawing chances.})
39. Qe5+ Kh6 $4 {A tragedy for Anna.} (39... Kg8 {and a long fight is still
ahead.}) 40. g4 $1 {Mate is inevitable now. Caissa has Tan Zhongyi crowned!} f6
41. Qxf6 Ra5 42. h4 {Tan Zhongyi's nerves of steel paid off. She waited until
Anna Muzychuk collapsed in time pressure.} 1-0

[Event "World Women-ch k.o."]
[Site "Teheran"]
[Date "2017.03.01"]
[Round "6.4"]
[White "Tan, Zhongyi"]
[Black "Muzychuk, Anna"]
[Result "1/2-1/2"]
[WhiteElo "2502"]
[BlackElo "2558"]
[Annotator "Moradiabadi,E"]
[PlyCount "47"]
[EventDate "2017.02.11"]
[EventType "k.o."]
[EventRounds "7"]
[EventCountry "IRI"]
[SourceTitle "CBM 177"]
[Source "ChessBase"]
[SourceDate "2017.03.16"]
[SourceVersion "1"]
[SourceVersionDate "2017.03.16"]
[SourceQuality "1"]

{It seems that the dramatic end to Topalov-Anand's match, in which Anand won
with Black against Topalov to win the title had a very strong effect on White
players who are playing the last game of an even match. After the 2016 World
Championship in which Carlsen made a draw without trying anything at all
against Karjakin, we see that Tan Zhongyi adopts the same strategy against
Anna Muzychuk, and aims straight for the tiebreaks. The only difference here
is: Carlsen was considered a favorite over Karjakin in terms of rapid chess
while Anna Muzychuk is the Women World Rapid champion! I am sure Tan Zhongyi
has a very different opinion and appproach! Let us wait and see!} 1. d4 d5 2.
c4 c6 3. Nf3 Nf6 4. Qb3 {Tan Zhongyi deviates again. It is interesting to see
that despite her previous successes with the same openings, it is Tan Zhongyi
who deviates from previous games and not Anna Muzychuk!} e6 5. g3 {This
transposes into a harmless version of the Closed Catalan.} (5. Nc3 dxc4 6. Qxc4
b5 7. Qd3 {could have transposed to the second game!}) 5... Nbd7 6. Bg2 b6 $5 {
An odd move which has only been played once before by none other than Anna's
quarter-final opponent Stefanova!} 7. Nc3 (7. O-O Ba6 8. cxd5 cxd5 9. Nc3 Be7
10. Bf4 Bc4 11. Qa4 O-O 12. Rfc1 a5 13. Nd2 Rc8 14. e4 Bb4 15. a3 b5 16. Qd1
Bxc3 17. Rxc3 dxe4 18. Nxe4 Nxe4 19. Bxe4 Nf6 20. Bb7 Nd5 21. Rf3 Nxf4 22. Bxc8
Be2 23. Qd2 Nh3+ 24. Kg2 Bxf3+ 25. Kxf3 Qd5+ 26. Ke3 Rxc8 27. f4 f5 28. Qd1 {
0-1 (28) Kadimova, I (2310)-Stefanova,A (2502) Kusadasi 2006}) 7... Ba6 $1 {
This is the idea of b6. Black forces White to exchange pawns and gets a
somewhat fixed pawn structure. Obviously, this all works for Black because of
White's queen on b3.} 8. cxd5 cxd5 9. Nb5 Bxb5 10. Qxb5 a6 {I am not a fan of
this move but Anna had already won the opening battle and it really does not
change the overall assessment of the resulting position.} (10... Bd6 11. O-O
O-O 12. Bd2 Ne4 13. Rfc1 Nxd2 14. Nxd2 Rc8 {with equality.} 15. Nb3 Nf6 16. Qa6
Qd7 17. e3 h5 18. h4 g6 19. Bf1 e5 20. dxe5 Bxe5 21. Nd4 Ne4 22. Bg2 Rc5 23. b4
Rxc1+ 24. Rxc1 Bxd4 25. exd4 Qe7 26. Qd3 Qxb4 27. Bxe4 dxe4 28. Qxe4 Rd8 29.
Rc7 a5 30. Rb7 Qxd4 31. Qxd4 Rxd4 32. Rxb6 Rd2 33. a4 Rd4 34. Ra6 Rxa4 35. Kg2
Ra3 36. Kf1 Kf8 37. Ra7 Kg7 38. Ra6 a4 39. Ke2 Ra1 40. Ke3 a3 41. Kf4 Ra2 42.
Kf3 Ra1 43. Kf4 Kh6 44. Ra7 a2 {1/2-1/2 (44) Krasenkow,M (2660)-Georgiev,V 
(2567) Port Erin 2007}) 11. Qb3 Bd6 12. O-O O-O 13. Bg5 {eh...Remis?!} Qb8 14.
Rfc1 Ne4 15. Rc2 Nxg5 16. Nxg5 h6 17. Nf3 Rc8 18. Rac1 Rxc2 19. Rxc2 Ra7 20.
Qd3 a5 21. Nd2 Nf6 22. e4 dxe4 23. Nxe4 Nxe4 24. Qxe4 (24. Qxe4 Rc7 25. Rxc7
Qxc7 26. Qc6 {leads to a forced drawn opposite coloured bishop ending.})
1/2-1/2

[Event "Olympiad-36"]
[Site "Mallorca"]
[Date "2004.10.22"]
[Round "7"]
[White "Lautier, Joel"]
[Black "Movsesian, Sergei"]
[Result "1/2-1/2"]
[WhiteElo "2682"]
[BlackElo "2629"]
[Annotator "Movsesian,S"]
[PlyCount "59"]
[EventDate "2004.10.15"]
[EventType "team-swiss"]
[EventRounds "14"]
[EventCountry "ESP"]
[SourceTitle "CBM 104"]
[Source "ChessBase"]
[SourceDate "2005.01.27"]
[SourceVersion "1"]
[SourceVersionDate "2005.01.27"]
[SourceQuality "1"]
[WhiteTeam "France"]
[BlackTeam "Slovakia"]
[WhiteTeamCountry "FRA"]
[BlackTeamCountry "SVK"]

1. d4 d5 2. c4 c6 3. Nf3 Nf6 4. e3 a6 5. Bd3 b5 6. cxd5 cxd5 7. a4 {A logical
approach. White knight is still on b1, so he can get to b3 without losing time}
b4 8. a5 e6 9. Nbd2 Bd6 10. O-O Bb7 {Black wants to wait with the development
of the b8 knight and takes e4 square under control first} 11. Ne5 ({Another
try is} 11. Nb3 Nbd7 12. Bd2 Qe7 13. Qe2 O-O 14. Rfc1 g6 15. Be1 Rfc8 16. Rxc8+
Bxc8 17. Rc1 Bb7 18. Rc2 e5 $11 {Baburin-Agdestein, Calvia (ol) 2004}) 11...
O-O 12. f4 Nc6 $5 {Now the knight can go to e7, where looks better, then just
passively standing on d7} 13. Nb3 Ne4 14. Bxe4 dxe4 15. Nc4 Ne7 $5 ({I didn't
like} 15... Be7 16. Nc5 Rb8 17. b3 $14) 16. Bd2 Nd5 {Black is ready to
sacrifice the e4 pawn, as the b7 bishop will become very powerful} 17. Nxd6
Qxd6 18. Nc5 Rfb8 19. Qe1 ({During the game I was worried about} 19. f5 {
but black has} e5 $1 20. Nxe4 Qc6 21. Qa4 Nxe3 22. Qxc6 Bxc6 23. Bxe3 Bxe4 24.
dxe5 Rb5 $11) 19... Bc6 20. Nxe4 Qd8 21. Nc5 Nf6 22. Qg3 Ne4 23. Nxe4 Bxe4 {
An extra pawn doesn't play any important role in this position. Black's
chances are not worst, as e4 bishop is stronger then his opponent on d2} 24.
Rfc1 Rb5 25. Rc4 Rxa5 26. Rac1 Rb5 27. Bxb4 h6 28. Ba3 Rb3 29. Rc7 Rd3 30. Qe1
1/2-1/2

[Event "FIDE-Wch k.o."]
[Site "Moscow"]
[Date "2001.11.30"]
[Round "2.2"]
[White "Azmaiparashvili, Zurab"]
[Black "Movsesian, Sergei"]
[Result "1/2-1/2"]
[WhiteElo "2674"]
[BlackElo "2631"]
[Annotator "Movsesian,S"]
[PlyCount "45"]
[EventDate "2001.11.27"]
[EventType "k.o."]
[EventRounds "7"]
[EventCountry "RUS"]
[SourceTitle "CBM 086"]
[Source "ChessBase"]
[SourceDate "2002.02.05"]
[SourceVersion "1"]
[SourceVersionDate "2002.02.05"]
[SourceQuality "1"]

1. d4 Nf6 2. c4 c6 3. Nf3 d5 4. e3 Bg4 5. Nc3 (5. Qb3 Qb6 6. Ne5 (6. cxd5 Qxb3
7. axb3 Nxd5 8. Ne5 Bf5 9. Na3 f6 10. Nd3 Nd7 11. f3 Bxd3 12. Bxd3 e5 $11 {
Sokolov,I-Dreev, Shanghai 2001}) 6... Be6 7. Qxb6 axb6 8. Nc3 Nbd7 9. Nxd7 Kxd7
10. b3 Bf5 11. f3 e6 12. Be2 Bd6 13. Bb2 h5 $13 {Banikas-Kasparov,Patras (m)
blitz 2001}) (5. h3 Bh5 6. g4 Bg6 7. Nc3 e6 8. Ne5 Nfd7 9. Nxg6 hxg6 10. e4
dxe4 11. Nxe4 Be7 12. Bg2 Nf6 13. Nc3 Nbd7 14. Be3 Qc7 15. Qe2 Nb6 16. O-O-O
O-O-O 17. Kb1 Bb4 18. Rc1 Bxc3 19. Rxc3 e5 20. dxe5 Qxe5 21. Ra3 $1 $40 {
Dreev-Grabarczyk,M, Panormo (ECup) 2001} (21. Rd3 Rxd3 22. Qxd3 Rd8 23. Qc2 Ne8
$1 $11 {Dreev-Movsesian, Sarajevo 2001})) 5... e6 6. h3 Bh5 7. Qb3 Qb6 8. Ne5
$6 Nbd7 9. Nd3 Bg6 $1 10. Qxb6 (10. Nf4 $2 Qxb3 11. axb3 Bc2) 10... axb6 11.
Nf4 Bd6 12. Nxg6 hxg6 13. Bd2 O-O 14. Be2 dxc4 15. Bxc4 b5 16. Bb3 (16. Bd3 e5)
16... e5 17. O-O exd4 18. exd4 Bb4 (18... Nb6 $5) 19. Ne4 $8 Nxe4 (19... Bxd2
20. Nxd2 Rfe8 21. Rfe1 Nb6 22. Nf3 $11) 20. Bxb4 Rfe8 21. Rfe1 Nb6 22. Re3 Nf6
23. Rxe8+ 1/2-1/2

[Event "FRA-chT Gp-A"]
[Site "France"]
[Date "2003.04.04"]
[Round "5.2"]
[White "Parmentier, Xavier"]
[Black "Berthelot, Yannick"]
[Result "0-1"]
[WhiteElo "2339"]
[BlackElo "2311"]
[Annotator "Mueller,Karsten"]
[PlyCount "79"]
[EventDate "2003.01.31"]
[EventType "team"]
[EventRounds "7"]
[EventCountry "FRA"]
[SourceTitle "CBM 095"]
[Source "ChessBase"]
[SourceDate "2003.07.25"]
[SourceVersion "1"]
[SourceVersionDate "2003.07.25"]
[SourceQuality "1"]
[WhiteTeam "Noyon"]
[BlackTeam "Sautron"]
[WhiteTeamCountry "FRA"]
[BlackTeamCountry "FRA"]

1. d4 d5 2. c4 c6 3. Nf3 Nf6 4. e3 a6 5. Nbd2 Bf5 6. Qb3 Qc7 7. Nh4 Bc8 8. Bd3
dxc4 9. Nxc4 Nbd7 10. Nf3 c5 11. Bd2 b6 12. Nce5 Nxe5 13. Nxe5 e6 14. Qa4+ Bd7
15. Nxd7 Qxd7 16. Qxd7+ Kxd7 17. dxc5 Bxc5 18. Ke2 a5 19. a3 Ke7 20. Rhc1 Rhd8
21. b4 axb4 22. axb4 Bd6 23. Rxa8 Rxa8 24. Rc6 Nd7 25. f4 Ra2 26. Rc2 Rxc2 27.
Bxc2 f5 28. Kd3 Nf6 29. Kc4 Kd7 30. Kb5 Kc7 31. Bb3 Nd5 32. Bxd5 exd5 33. Bc3
Bf8 34. Ka6 g6 35. b5 Bc5 36. Bd4 Kd6 37. h3 g5 38. g3 g4 39. hxg4 $4 (39. h4
$18 {as Black will inevitably fall into zugzwang. denn Schwarz wird
unweigerlich in Zugzwang geraten.}) 39... fxg4 40. f5 {Is the result 0-1
correct? Was the game not drawn? Stimmt das Ergebnis 0-1? Ist die Partie nicht
remis ausgegangen?} (40. f5 h5 41. Bxc5+ Kxc5 42. f6 Kd6 43. f7 Ke7 44. Kxb6 h4
45. f8=Q+ Kxf8 46. Kc6 hxg3 47. b6 g2 48. b7 g1=Q 49. b8=Q+ $11) 0-1

[Event "FRA-chT Gp-A"]
[Site "France"]
[Date "2003.04.06"]
[Round "7.6"]
[White "Efimov, Igor"]
[Black "Berthelot, Yannick"]
[Result "1-0"]
[WhiteElo "2480"]
[BlackElo "2311"]
[Annotator "Mueller,Karsten"]
[PlyCount "139"]
[EventDate "2003.01.31"]
[EventType "team"]
[EventRounds "7"]
[EventCountry "FRA"]
[SourceTitle "CBM 095"]
[Source "ChessBase"]
[SourceDate "2003.07.25"]
[SourceVersion "1"]
[SourceVersionDate "2003.07.25"]
[SourceQuality "1"]
[WhiteTeam "Monaco"]
[BlackTeam "Sautron"]
[WhiteTeamCountry "FRA"]
[BlackTeamCountry "FRA"]

1. d4 d5 2. c4 c6 3. Qc2 Nf6 4. Nf3 g6 5. Bf4 Bf5 6. Qb3 Qb6 7. c5 Qxb3 8. axb3
Bxb1 9. Rxb1 Nbd7 10. b4 a6 11. Ra1 Bg7 12. Rg1 Nh5 13. Bd2 e5 14. g4 e4 15.
gxh5 exf3 16. e3 O-O 17. Rg3 Nf6 18. hxg6 fxg6 19. Rxf3 Ng4 20. Be2 Rxf3 21.
Bxf3 Nxh2 22. Bg2 Rf8 23. Ke2 Ng4 24. f3 Nh6 25. Be1 Nf5 26. Bf2 Re8 27. Kd3
Bf6 28. Rh1 Kg7 29. Bh3 Bh4 30. Bg1 Bg5 31. Rh2 Nh4 32. Ke2 h5 33. Bf2 Kh6 34.
Rh1 Nf5 35. Kd3 Nh4 36. e4 Nxf3 37. exd5 cxd5 38. Bg2 Nd2 39. Bxd5 Re7 40. Rd1
Rd7 41. Be6 Re7 42. d5 Nf3 43. Bg3 Bf6 44. Rf1 Ne5+ 45. Kc2 Kg7 46. Re1 Nf3 47.
Rd1 Nd4+ 48. Rxd4 Bxd4 49. Bc8 g5 50. d6 Rf7 51. Bxb7 Rxb7 52. c6 Rb6 53. c7
Rc6+ 54. Kd3 Bb6 55. Ke4 Bxc7 $2 (55... Kf7 $142 $1 56. d7 Rxc7 57. d8=N+ (57.
d8=Q Rc4+ $19) 57... Ke7 58. Bxc7 Bxc7 $19) 56. dxc7 h4 $2 (56... Kf7 $142) 57.
Be5+ $18 Kg6 58. Kd5 Rxc7 59. Bxc7 Kf5 60. Kd4 Kg4 61. Ke4 Kh3 (61... Kh5 62.
Kf5 g4 63. Kf4 h3 (63... g3 64. Kf3 Kg5 65. Bd8+ Kh5 66. Be7 $18) 64. Kg3 Kg5
65. Bb8 Kf5 66. Kh4 Ke4 67. Kxg4 Kd3 68. Kxh3 Kc4 69. Be5 Kxb4 70. Bd6+ Kb3 71.
Ba3 $18) 62. Kf3 g4+ 63. Kf2 g3+ 64. Kf3 Kh2 65. Kg4 Kh1 (65... Kg1 66. Kxh4 g2
67. Kg3 Kf1 68. Bb6 $18) 66. Bxg3 hxg3 67. Kxg3 Kg1 68. Kf3 Kf1 69. Ke3 Ke1 70.
b5 (70. b5 axb5 71. b4 Kd1 72. Kd4 Kc2 73. Kc5 Kb3 74. Kxb5 $18) 1-0